000 01399nam a22001817a 4500
999 _c57996
_d57996
005 20210419171150.0
008 210419c2020 ge ||||| |||| 00| 0 geo d
022 _a1512-0880
041 _ageo
245 _aსაქართველოს ბიბლიოთეკა :
_b2019 : სამეცნიერო-პოპულარული და მეთოდური ჟურნალი /
_cმთ. რედ.: ალექსანდრე ლორია ; საქართველოს პარლამენტის ეროვნული ბიბლიოთეკა ; საქართველოს საბიბლიოთეკო ასოციაცია.
260 _aთბილისი :
_bსაქართველოს პარლამენტის ეროვნული ბიბლიოთეკა,
_c2000 -
300 _av.
653 _aბიბლიოთეკათმცოდნეობა
653 _aპერიოდიკა
700 _aლორია, ალექსანდრე
_eმთავარი რედაქტორი
_911444
710 _aსაქართველოს პარლამენტის ეროვნული ბიბლიოთეკა
_bსაქართველოს საბიბლიოთეკო ასოციაცია
_911445
942 _2udc
_cCR